000 00467nam a22001577a 4500
005 20251108164226.0
008 250721s1996 xx 000 0 ara d
082 1 4 _a618.1/متا
245 1 0 _aمتاعب المرأة الشهرية و طرق علاجها /
264 1 _aالقاهرة :
_bالدار الدولية،
_c1996.
300 _a70ص
490 0 _aسلسلة الصحة
650 1 7 _aالأمراض النسائية
942 _2ddc
_cBK
999 _c6819
_d6819